| 000 | 01048nam a2200301 i 4500 | ||
|---|---|---|---|
| 001 | bg | ||
| 100 | 1 |
_aMelville, Herman _d(1819-1891). |
|
| 245 | 1 | 0 |
_aMoby Dick czyli biały wieloryb / _cHerman Melville ; przekł. Bronisław Zielński. |
| 246 | 1 |
_iTyt. oryg.: _aMoby Dick or the white whale |
|
| 260 |
_a[s.l.] : _bMediasat Group, _c2005. |
||
| 300 |
_a672 s. ; _c21 cm. |
||
| 490 | 1 |
_aBiblioteka Gazety Wyborczej : XIX wiek ; _v15 |
|
| 500 | _aTyt. oryg.: "Moby Dick or the White Whale". | ||
| 500 | _aWyd. we współpr. merytorycznej z Zakładem Narodowym im. Ossolińskich - Wydawnictwo, Wrocław. | ||
| 650 | 9 |
_aPowieść amerykańska _y19 w. |
|
| 700 | 1 |
_aZieliński, Bronisław _d(1914-1985). _eTł. |
|
| 830 | 0 |
_aBiblioteka Gazety Wyborczej ; _v15 |
|
| 020 | _a8498191645 (całość) | ||
| 020 | _a8498191866 | ||
| 040 | _cBPK | ||
| 041 | 1 |
_apol _heng |
|
| 044 | _aPOL | ||
| 080 | _a820(73)-3 | ||
| 920 | _a84-9819-164-5 (całość) | ||
| 920 | _a84-9819-186-6 | ||
| 942 | _cKS | ||
| 008 | s pl f |000 0 pol | ||
| 999 |
_c55702 _d55702 |
||
| 856 |
_uhttp://koha.tu.koszalin.pl/cgi-bin/koha/opac-detail.pl?biblionumber=55702 _yKatalog online BPK |
||